| 000 | 00932nas a2200265 4500 | ||
|---|---|---|---|
| 001 | BR9202708 | ||
| 003 | BR-BrBNA | ||
| 005 | 20231205092533.0 | ||
| 007 | ta | ||
| 008 | 230509b bl.|||p| |||| 00| 00por d | ||
| 040 |
_aBR-BrBNA _bpor _cBiblioteca Nacional de Agricultura |
||
| 041 | _a(Pt) | ||
| 072 | _aL50; M11 | ||
| 100 | 1 | _aCassano, V.P.F. | |
| 100 | 1 | _aLevy, J.A. | |
| 245 | 1 | _aSistematica bioquimica de Menticirrhus americanus e Menticirrhus littoralis (Teleostei, Perciformes, Sciaenidae) | |
| 246 | 1 | _aBiochemical systematics of Menticirrhus americanus and Menticirrhus littoralis (Teleostei, Perciformes, Sciaenidae) | |
| 650 | _aPEIXE MARINHO | ||
| 650 | _aELETROFORESE | ||
| 650 | _aENZIMA | ||
| 650 | _aBIOQUIMICA ANIMAL | ||
| 773 | 0 |
_tBoletim do Instituto Oceanografico (Brazil) _xISSN 0373-5524 _g(1990), v. 38(1) p. 87-91 _wBR9202708 |
|
| 909 |
_a202311 _bLúcia _c55 _dLúcia Elande |
||
| 942 |
_2AGRIS _n0 _cANA |
||
| 999 |
_c132411 _d132411 |
||